000
00224nam a2200097Ia 4500
005
20251222114349.0
008
251222s1900||||xx |||||||||||||| ||spa||
082
_a
DVD0080/G95/1999
245
0
_a
El mundo de SofĂa.
942
_c
DVD
999
_c
1179
_d
1179